[Event "2025 Welsh Closed Chess Championship"]
[Site "Mercure Cardiff North Hotel, Circle Way East, Llanedeyrn, Cardiff CF23 9XF"]
[Date "2025.04.19"]
[Round "4"]
[Board "10"]
[White "Szakmany, Bence"]
[Black "Thomas, Roy"]
[Result "1-0"]
[WhiteElo "2017"]
[BlackElo "1855"]
[PlyCount "61"]
[GameId "2191925669679332"]
[EventDate "2025.04.18"]
[EventRounds "7"]
[EventCountry "WLS"]

1. e4 c5 2. Nf3 Nc6 3. d4 cxd4 4. Nxd4 e5 5. Nb5 d6 6. N1c3 a6 7. Na3 Be7 8. Nd5 Nf6 9. Nxf6+ Bxf6 10. Bc4 O-O 11. O-O Rb8 12. c3 Bg5 13. Bxg5 Qxg5 14. Nc2 Qg6 15. Qd3 Be6 16. Ne3 Bxc4 17. Qxc4 Rfc8 18. Nf5 Kf8 19. Rad1 Ne7 20. Qb4 Nxf5 21. exf5 Qxf5 22. Qxd6+ Ke8 23. Rde1 f6 24. f4 e4 25. Kh1 Kf7 26. Re3 Qb5 27. Rfe1 f5 28. g4 g6 29. Rh3 Qc6 30. Rxh7+ Kg8 31. Qe7 1-0

[Event "2025 Welsh Closed Chess Championship"]
[Site "Mercure Cardiff North Hotel, Circle Way East, Llanedeyrn, Cardiff CF23 9XF"]
[Date "2025.04.19"]
[Round "4"]
[Board "11"]
[White "Shevchenko, Danylo"]
[Black "Jukes, Sam"]
[Result "0-1"]
[WhiteElo "1757"]
[BlackElo "1951"]
[PlyCount "76"]
[GameId "2191925669687525"]
[EventDate "2025.04.18"]
[EventRounds "7"]
[EventCountry "WLS"]

1. e4 c5 2. Nf3 Nc6 3. Bb5 g6 4. O-O Bg7 5. c3 e5 6. d3 Nge7 7. a4 d6 8. Nbd2 O-O 9. Re1 h6 10. Nf1 Be6 11. Ne3 Kh7 12. Bc4 Bxc4 13. dxc4 f5 14. Nd5 Qd7 15. Qd2 Rf7 16. Rb1 Raf8 17. b4 cxb4 18. cxb4 Nxd5 19. exd5 Ne7 20. c5 e4 21. Nd4 Bxd4 22. cxd6 Bxf2+ 23. Kxf2 Qxd6 24. Qxh6+ Kg8 25. Bb2 Rh7 26. Qe3 Nxd5 27. Rbd1 Qf4+ 28. Qxf4 Nxf4 29. Kg3 Nd3 30. Re2 Rd8 31. Bf6 Rd5 32. Rc2 f4+ 33. Kg4 Rhd7 34. Rf1 Rf5 35. Ba1 Kf7 36. Re2 e3 37. Rf3 Ke6 38. Rh3 Nf2+ 0-1

[Event "2025 Welsh Closed Chess Championship"]
[Site "Mercure Cardiff North Hotel, Circle Way East, Llanedeyrn, Cardiff CF23 9XF"]
[Date "2025.04.19"]
[Round "4"]
[Board "12"]
[White "Mckenna, Joshua"]
[Black "Binks, Michael"]
[Result "0-1"]
[WhiteElo "1705"]
[BlackElo "1937"]
[PlyCount "74"]
[GameId "2191925669691622"]
[EventDate "2025.04.18"]
[EventRounds "7"]
[EventCountry "WLS"]

1. e4 c5 2. Nf3 Nc6 3. d4 cxd4 4. Nxd4 Nf6 5. Nc3 e5 6. Ndb5 d6 7. Nd5 Nxd5 8. exd5 Nb8 9. c4 a6 10. Nc3 Be7 11. Be2 O-O 12. O-O Nd7 13. Qc2 f5 14. f4 e4 15. Be3 Bf6 16. Rac1 b6 17. b4 Bb7 18. Rfd1 Rc8 19. Qb3 Rf7 20. Bf1 g5 21. Ne2 gxf4 22. Nxf4 Be5 23. Bd2 Qe7 24. Ne6 Rf6 25. Bg5 Qf7 26. Bxf6 Nxf6 27. Qe3 Bxh2+ 28. Kh1 f4 29. Qh3 Bg3 30. Ng5 Qg6 31. Qe6+ Kh8 32. Nh3 Re8 33. Qxd6 Bc8 34. Qxb6 e3 35. Re1 Bxe1 36. Rxe1 Bxh3 37. gxh3 Rg8 0-1

[Event "2025 Welsh Closed Chess Championship"]
[Site "Mercure Cardiff North Hotel, Circle Way East, Llanedeyrn, Cardiff CF23 9XF"]
[Date "2025.04.20"]
[Round "5"]
[Board "1"]
[White "Camacho Collados, Jose"]
[Black "Blackburn, Jonathan L B"]
[Result "1-0"]
[WhiteElo "2316"]
[BlackElo "2205"]
[PlyCount "79"]
[GameId "2191925944126749"]
[EventDate "2025.04.18"]
[EventRounds "7"]
[EventCountry "WLS"]

1. Nf3 Nf6 2. c4 g6 3. g3 Bg7 4. Bg2 O-O 5. O-O d6 6. Nc3 c6 7. d3 h6 8. b4 d5 9. Bb2 d4 10. Na4 Ne8 11. e3 e5 12. exd4 exd4 13. Re1 Nc7 14. Nc5 a5 15. bxa5 Nd7 16. Ba3 Re8 17. Rxe8+ Qxe8 18. Qd2 Qf8 19. Nxd7 Qxa3 20. Nb6 Rb8 21. Nxc8 Rxc8 22. Rb1 Ne6 23. Rxb7 Nc5 24. Rb6 Nxd3 25. a6 Nc5 26. Nxd4 Bxd4 27. Qxd4 Nxa6 28. Bxc6 Nb4 29. Bd7 Rf8 30. Qd2 Nxa2 31. Qxh6 Qd3 32. Bh3 Nc3 33. Bf1 Ne2+ 34. Bxe2 Qxe2 35. Qf4 Kh7 36. h4 Qd1+ 37. Kh2 Qc2 38. Rf6 Kg7 39. h5 Qb1 40. Qe5 1-0

[Event "2025 Welsh Closed Chess Championship"]
[Site "Mercure Cardiff North Hotel, Circle Way East, Llanedeyrn, Cardiff CF23 9XF"]
[Date "2025.04.20"]
[Round "5"]
[Board "2"]
[White "Bullen, Alex"]
[Black "Cave, Iwan"]
[Result "0-1"]
[WhiteElo "2160"]
[BlackElo "2056"]
[PlyCount "178"]
[GameId "2191925944155422"]
[EventDate "2025.04.18"]
[EventRounds "7"]
[EventCountry "WLS"]

1. Nf3 Nf6 2. e3 d5 3. b3 e6 4. Bb2 Be7 5. d4 O-O 6. Nbd2 b6 7. Bd3 Bb7 8. O-O c5 9. Ne5 Nc6 10. Nxc6 Bxc6 11. Qf3 Rc8 12. Qh3 h6 13. Rfd1 Qc7 14. dxc5 bxc5 15. c4 Rfd8 16. Nf3 d4 17. exd4 Bxf3 18. Qxf3 cxd4 19. Re1 a5 20. Bc1 a4 21. Bd2 Nd7 22. Qh5 Nc5 23. Bc2 d3 24. Bd1 Bf6 25. Rb1 axb3 26. axb3 Qa7 27. b4 Qa2 28. Bf3 Qxd2 29. bxc5 Bd4 30. Qh4 Bxc5 31. Red1 Qc3 32. Rb7 Qd4 33. Qxd4 Bxd4 34. Rb3 Rxc4 35. Rbxd3 e5 36. Be4 Rb8 37. Bd5 Rc5 38. Be4 Rb2 39. Rf3 g6 40. g4 Kg7 41. Kg2 Ra5 42. Rb1 Raa2 43. Rxb2 Rxb2 44. Bd5 f6 45. Kf1 h5 46. h3 h4 47. Kg2 Rb5 48. Bc6 Rb6 49. Bd5 Rb5 50. Bc6 Rc5 51. Be4 Ra5 52. Bd3 Ra3 53. Bc4 Ra4 54. Bd5 Ra6 55. Rb3 Kh6 56. Rd3 Ra5 57. Be6 Kg5 58. Rd2 Ra3 59. Bd5 Ra5 60. Be6 Rb5 61. Bc4 Rb4 62. Bd5 f5 63. gxf5 gxf5 64. Bc6 Kf4 65. Bd7 e4 66. Ra2 Be5 67. Ra8 Rb7 68. Be6 Re7 69. Bc4 Rg7+ 70. Kf1 Rc7 71. Ra4 Rb7 72. Kg2 Rb2 73. Ra2 Rb4 74. Be6 Rb6 75. Bc8 Bc3 76. Re2 Rc6 77. Bd7 Rc5 78. Ba4 Bd4 79. Rc2 Ra5 80. Bb3 Ra3 81. Bf7 Ke5 82. Ra2 Rc3 83. Bg6 f4 84. Ra5+ Bc5 85. Ra4 f3+ 86. Kh2 Bxf2 87. Rxe4+ Kf6 88. Rg4 Bg3+ 89. Kg1 Rc1# 0-1

[Event "2025 Welsh Closed Chess Championship"]
[Site "Mercure Cardiff North Hotel, Circle Way East, Llanedeyrn, Cardiff CF23 9XF"]
[Date "2025.04.20"]
[Round "5"]
[Board "3"]
[White "Freeland, Alex"]
[Black "Toczek, Grzegorz"]
[Result "0-1"]
[WhiteElo "2018"]
[BlackElo "2233"]
[PlyCount "68"]
[GameId "2191925944175903"]
[EventDate "2025.04.18"]
[EventRounds "7"]
[EventCountry "WLS"]

1. d4 Nf6 2. c4 e5 3. dxe5 Ng4 4. Bf4 Bb4+ 5. Nc3 Bxc3+ 6. bxc3 Nc6 7. Nf3 Qe7 8. Qd5 f6 9. exf6 Nxf6 10. Qd2 d6 11. e3 Ne4 12. Qc2 Nc5 13. Be2 O-O 14. Nd4 Bd7 15. O-O Rae8 16. Rfe1 Kh8 17. Bg3 Ne5 18. e4 Qf7 19. Nb5 Bc6 20. f3 a6 21. Nd4 Ba4 22. Qd2 Nxc4 23. Bxc4 Qxc4 24. e5 Nd3 25. Re4 Nxe5 26. Nf5 Qc6 27. Qg5 Ng6 28. Rae1 Rxe4 29. Rxe4 Bc2 30. Ne7 Nxe7 31. Rxe7 Qxc3 32. h4 Rg8 33. Be5 dxe5 34. Rxg7 Qd4+ 0-1

[Event "2025 Welsh Closed Chess Championship"]
[Site "Mercure Cardiff North Hotel, Circle Way East, Llanedeyrn, Cardiff CF23 9XF"]
[Date "2025.04.20"]
[Round "5"]
[Board "4"]
[White "Fathallah, Joe"]
[Black "Kett, Tim"]
[Result "0-1"]
[WhiteElo "1979"]
[BlackElo "2089"]
[PlyCount "70"]
[GameId "2191925944188192"]
[EventDate "2025.04.18"]
[EventRounds "7"]
[EventCountry "WLS"]

1. b3 c5 2. Bb2 Nc6 3. f4 Nf6 4. Nf3 g6 5. g3 Bg7 6. Bg2 O-O 7. O-O d5 8. e3 b6 9. a4 Bb7 10. Na3 Qd7 11. d3 Rad8 12. Qe2 Qc7 13. Rfd1 a6 14. e4 d4 15. Nc4 Ng4 16. h3 Nf6 17. Qf2 Nh5 18. Nh4 Nb4 19. Rf1 Bf6 20. Bc1 Bxh4 21. gxh4 f5 22. Ne5 Nc6 23. Bf3 Nxe5 24. Bxh5 gxh5 25. fxe5 fxe4 26. Qg3+ Kh8 27. Bg5 e3 28. Kh2 Bd5 29. e6 Qxg3+ 30. Kxg3 Rg8 31. Kf4 Rg7 32. Ke5 Rg6 33. Rf7 Rxe6+ 34. Kf5 Kg8 35. Rxe7 Rf8+ 0-1

[Event "2025 Welsh Closed Chess Championship"]
[Site "Mercure Cardiff North Hotel, Circle Way East, Llanedeyrn, Cardiff CF23 9XF"]
[Date "2025.04.20"]
[Round "5"]
[Board "5"]
[White "Korovski, Georgi"]
[Black "Harakis, Alexis M"]
[Result "0-1"]
[WhiteElo "1697"]
[BlackElo "2224"]
[PlyCount "82"]
[GameId "2191925944196385"]
[EventDate "2025.04.18"]
[EventRounds "7"]
[EventCountry "WLS"]

1. e4 e6 2. d4 d5 3. e5 c5 4. c3 Qb6 5. Nf3 Bd7 6. Bd3 Bb5 7. Na3 Bxd3 8. Qxd3 cxd4 9. Nb5 dxc3 10. Be3 cxb2 11. Rb1 Qa5+ 12. Bd2 Qd8 13. Rxb2 Nc6 14. O-O Rc8 15. Re1 Nh6 16. Bg5 Qd7 17. Nh4 a6 18. Bxh6 axb5 19. Bd2 Be7 20. Nf3 b4 21. h4 O-O 22. h5 f5 23. exf6 Bxf6 24. Ng5 Bxg5 25. Bxg5 h6 26. Bd2 Qf7 27. Qe2 Nd4 28. Qf1 Qxh5 29. Bxb4 Rf4 30. f3 Rh4 31. Kf2 Rc2+ 32. Rxc2 Nxc2 33. Bd6 Nxe1 34. Qxe1 Qf5 35. Qa5 Rc4 36. Bg3 Rc2+ 37. Kg1 Rc1+ 38. Be1 Qb1 39. Kf2 b6 40. Qa8+ Kh7 41. Bd2 Rc2 0-1

[Event "2025 Welsh Closed Chess Championship"]
[Site "Mercure Cardiff North Hotel, Circle Way East, Llanedeyrn, Cardiff CF23 9XF"]
[Date "2025.04.20"]
[Round "5"]
[Board "6"]
[White "Mcgregor, John"]
[Black "Szakmany, Bence"]
[Result "0-1"]
[WhiteElo "1868"]
[BlackElo "2017"]
[PlyCount "64"]
[GameId "2191925944204578"]
[EventDate "2025.04.18"]
[EventRounds "7"]
[EventCountry "WLS"]

1. e4 e5 2. Nf3 Nc6 3. Bc4 Bc5 4. c3 Nf6 5. d4 exd4 6. cxd4 Bb4+ 7. Nc3 Nxe4 8. O-O Bxc3 9. d5 Ne5 10. bxc3 Nxc4 11. Qd4 O-O 12. Qxe4 Nd6 13. Qf4 Re8 14. Ba3 Re4 15. Qg3 Ne8 16. Rfe1 Rxe1+ 17. Rxe1 d6 18. Bc1 Bf5 19. Bg5 Nf6 20. Qh4 h6 21. Bxf6 Qxf6 22. Qxf6 gxf6 23. Nd2 Kf8 24. f3 Re8 25. Rxe8+ Kxe8 26. Kf2 c6 27. Nc4 Kd7 28. Na5 Kc7 29. dxc6 bxc6 30. Nb3 Be6 31. Nc1 Kb6 32. Kg3 Kc5 0-1

[Event "2025 Welsh Closed Chess Championship"]
[Site "Mercure Cardiff North Hotel, Circle Way East, Llanedeyrn, Cardiff CF23 9XF"]
[Date "2025.04.20"]
[Round "5"]
[Board "7"]
[White "Jukes, Sam"]
[Black "Davis, Lee"]
[Result "1-0"]
[WhiteElo "1951"]
[BlackElo "1905"]
[PlyCount "75"]
[GameId "2191925944212771"]
[EventDate "2025.04.18"]
[EventRounds "7"]
[EventCountry "WLS"]

1. d4 Nf6 2. c4 g6 3. h4 Bg7 4. Nc3 d6 5. e4 c6 6. Be2 h5 7. Bg5 Qa5 8. Qc2 e5 9. d5 cxd5 10. cxd5 Bd7 11. Nf3 Na6 12. O-O Rc8 13. Nd2 O-O 14. a3 Qc7 15. Rfc1 Qb8 16. b4 Rfe8 17. Qd3 Nh7 18. Be3 f5 19. Nb5 Bxb5 20. Qxb5 f4 21. Bc5 dxc5 22. bxc5 Nf6 23. Rab1 Bf8 24. c6 Qd6 25. Nc4 Qc5 26. Qb3 Nxe4 27. Ne3 Qxa3 28. Qc2 fxe3 29. Qxe4 exf2+ 30. Kf1 Qg3 31. d6 Bxd6 32. Qd5+ Kg7 33. Qxd6 Qxh4 34. Rxb7+ Rc7 35. Rxc7+ Nxc7 36. Qxc7+ Re7 37. Qxe7+ Qxe7 38. c7 1-0

[Event "2025 Welsh Closed Chess Championship"]
[Site "Mercure Cardiff North Hotel, Circle Way East, Llanedeyrn, Cardiff CF23 9XF"]
[Date "2025.04.20"]
[Round "5"]
[Board "8"]
[White "Binks, Michael"]
[Black "Kong, Emma Zihan"]
[Result "1/2-1/2"]
[WhiteElo "1937"]
[BlackElo "1818"]
[PlyCount "121"]
[GameId "2191925944233252"]
[EventDate "2025.04.18"]
[EventRounds "7"]
[EventCountry "WLS"]

1. d4 d5 2. Nf3 Nf6 3. e3 e6 4. Bd3 c5 5. c3 Nc6 6. Nbd2 Qc7 7. O-O e5 8. dxe5 Nxe5 9. Nxe5 Qxe5 10. e4 Bg4 11. f3 Bd6 12. f4 Qxf4 13. Rxf4 Bxd1 14. Rf1 c4 15. Bxc4 Bc5+ 16. Kh1 dxc4 17. Rxd1 Ng4 18. Rf1 Nf2+ 19. Kg1 Nxe4+ 20. Kh1 Nxd2 21. Bxd2 O-O 22. Rae1 Rfe8 23. g3 f6 24. Kg2 Rad8 25. Rxe8+ Rxe8 26. Kf3 Kf7 27. b3 cxb3 28. axb3 a5 29. b4 Rd8 30. Ke2 axb4 31. cxb4 Bb6 32. Rf5 Re8+ 33. Kd3 Re5 34. Rf1 Rd5+ 35. Ke2 Ke6 36. Rc1 Rf5 37. Rc8 Rf2+ 38. Kd1 Rxh2 39. Rb8 g5 40. Rxb7 Bf2 41. g4 Bd4 42. b5 h5 43. gxh5 Rxh5 44. b6 g4 45. Rg7 Bxb6 46. Rxg4 Bc7 47. Rc4 Be5 48. Be3 Kd5 49. Ra4 Rh2 50. Ke1 Bc3+ 51. Kf1 Be5 52. Bf4 Bxf4 53. Rxf4 Ke5 54. Ra4 Rd2 55. Rh4 f5 56. Ke1 Ra2 57. Rb4 f4 58. Kf1 Kf5 59. Rb3 Kg4 60. Rc3 f3 61. Rc8 1/2-1/2

[Event "2025 Welsh Closed Chess Championship"]
[Site "Mercure Cardiff North Hotel, Circle Way East, Llanedeyrn, Cardiff CF23 9XF"]
[Date "2025.04.20"]
[Round "5"]
[Board "9"]
[White "Tuson, Jon"]
[Black "Spice, Alan"]
[Result "0-1"]
[WhiteElo "1806"]
[BlackElo "1999"]
[PlyCount "70"]
[GameId "2191925944241445"]
[EventDate "2025.04.18"]
[EventRounds "7"]
[EventCountry "WLS"]

1. Nf3 d5 2. d4 Nf6 3. c4 dxc4 4. e3 e6 5. Bxc4 a6 6. b3 c5 7. Bb2 Nc6 8. O-O cxd4 9. Nxd4 Nxd4 10. Bxd4 Bd7 11. Nd2 Be7 12. Bd3 Bc6 13. Nc4 Qd5 14. f3 Rd8 15. Qe2 O-O 16. Rac1 Qh5 17. Ne5 Bd5 18. Qf2 Bd6 19. g4 Qh3 20. e4 Bxe5 21. Bxe5 Bxb3 22. Qe3 Ba4 23. Bxf6 gxf6 24. Rc5 e5 25. Rfc1 h6 26. Rc7 Bc6 27. Bxa6 Rd4 28. Qf2 Rfd8 29. Bf1 Rd1 30. Rxd1 Rxd1 31. Rc8+ Kg7 32. Rd8 Rb1 33. Qe2 Qh4 34. Qc2 Qe1 35. Qf2 Bb5 0-1

[Event "2025 Welsh Closed Chess Championship"]
[Site "Mercure Cardiff North Hotel, Circle Way East, Llanedeyrn, Cardiff CF23 9XF"]
[Date "2025.04.20"]
[Round "5"]
[Board "10"]
[White "Musson, Adam J"]
[Black "Pleasants, Allan J"]
[Result "0-1"]
[WhiteElo "2012"]
[BlackElo "1985"]
[PlyCount "64"]
[GameId "2191925944249638"]
[EventDate "2025.04.18"]
[EventRounds "7"]
[EventCountry "WLS"]

1. e4 d6 2. d4 Nf6 3. Nc3 e5 4. Nf3 Nbd7 5. g3 Be7 6. Bg2 O-O 7. O-O Re8 8. h3 c6 9. a4 a5 10. Be3 Qc7 11. Nd2 b6 12. f4 Ba6 13. Rf2 b5 14. g4 exd4 15. Bxd4 b4 16. Ne2 c5 17. Be3 Bf8 18. Ng3 Nb6 19. g5 Nfd7 20. Ndf1 Rad8 21. Bc1 c4 22. c3 bxc3 23. bxc3 Nc5 24. Ne3 Nd3 25. Rf1 d5 26. Nxd5 Nxd5 27. exd5 Bb7 28. Kh2 Bxd5 29. Bxd5 Rxd5 30. Qf3 Qd7 31. Ba3 Bxa3 32. Rxa3 Ne1 0-1

[Event "2025 Welsh Closed Chess Championship"]
[Site "Mercure Cardiff North Hotel, Circle Way East, Llanedeyrn, Cardiff CF23 9XF"]
[Date "2025.04.20"]
[Round "5"]
[Board "11"]
[White "Young, Alan"]
[Black "Shevchenko, Danylo"]
[Result "1-0"]
[WhiteElo "1991"]
[BlackElo "1757"]
[PlyCount "71"]
[GameId "2191925944257831"]
[EventDate "2025.04.18"]
[EventRounds "7"]
[EventCountry "WLS"]

1. e4 e5 2. Nf3 Nc6 3. Bb5 a6 4. Ba4 Nf6 5. d4 exd4 6. O-O Be7 7. Re1 O-O 8. e5 Nd5 9. c3 d6 10. Bxc6 bxc6 11. cxd4 Bf5 12. a3 Rb8 13. Nc3 Qd7 14. Qa4 Nxc3 15. bxc3 d5 16. Qxa6 Rb3 17. e6 fxe6 18. Ne5 Qe8 19. Qxc6 Qxc6 20. Nxc6 Bd6 21. Re3 Rb6 22. Nb4 c5 23. dxc5 Bxc5 24. Re2 d4 25. cxd4 Bxd4 26. Bb2 Bc5 27. Rc1 Bxb4 28. axb4 Rd8 29. h3 Rd7 30. Rc4 Kf7 31. Rf4 g5 32. Rf3 Kg8 33. g4 Bg6 34. Bc3 Rc7 35. Rd2 Rc4 36. Rd8+ 1-0

[Event "2025 Welsh Closed Chess Championship"]
[Site "Mercure Cardiff North Hotel, Circle Way East, Llanedeyrn, Cardiff CF23 9XF"]
[Date "2025.04.20"]
[Round "5"]
[Board "12"]
[White "Van Kemenade, Rudy"]
[Black "Mckenna, Joshua"]
[Result "1-0"]
[WhiteElo "1945"]
[BlackElo "1705"]
[PlyCount "81"]
[GameId "2191925944270120"]
[EventDate "2025.04.18"]
[EventRounds "7"]
[EventCountry "WLS"]

1. f4 d5 2. Nf3 Bg4 3. e3 Nd7 4. h3 Bxf3 5. Qxf3 Ngf6 6. d4 e6 7. Bd3 Bd6 8. g4 c6 9. g5 Ng8 10. c4 Qc7 11. Nc3 g6 12. Bd2 Bf8 13. e4 dxc4 14. Bxc4 Ne7 15. Be3 Bg7 16. h4 Qb6 17. O-O-O Qb4 18. Bb3 Nb6 19. h5 O-O-O 20. Qf2 gxh5 21. d5 Bxc3 22. bxc3 Qxc3+ 23. Kb1 Nc4 24. Bxc4 Qxc4 25. Bd4 Rhg8 26. Rh3 exd5 27. Rc1 Qb4+ 28. Rb3 Qd6 29. Be5 Qe6 30. Qxa7 Kd7 31. exd5 Nxd5 32. Qxb7+ Ke8 33. Rxc6 Qf5+ 34. Kb2 Rg6 35. Rc5 Qd7 36. Qxd7+ Rxd7 37. Rc8+ Ke7 38. Rh8 Nb6 39. Bf6+ Rxf6 40. gxf6+ Kxf6 41. Rxb6+ 1-0

[Event "2025 Welsh Closed Chess Championship"]
[Site "Mercure Cardiff North Hotel, Circle Way East, Llanedeyrn, Cardiff CF23 9XF"]
[Date "2025.04.21"]
[Round "6"]
[Board "1"]
[White "Toczek, Grzegorz"]
[Black "Camacho Collados, Jose"]
[Result "0-1"]
[WhiteElo "2233"]
[BlackElo "2316"]
[PlyCount "82"]
[GameId "2191926169486565"]
[EventDate "2025.04.18"]
[EventRounds "7"]
[EventCountry "WLS"]

1. e4 e5 2. Nf3 Nf6 3. Nxe5 Nxe4 4. Qe2 Qe7 5. Qxe4 d6 6. Bc4 Qxe5 7. d3 Bf5 8. Qe3 Be7 9. O-O O-O 10. Nd2 Nc6 11. Qxe5 dxe5 12. Nf3 Nb4 13. Bb3 a5 14. Bd2 a4 15. Bxb4 Bxb4 16. Bd5 c6 17. Be4 Bc8 18. a3 Bd6 19. Nd2 f6 20. g3 Bc5 21. Bg2 Rd8 22. Ne4 Bb6 23. h3 h6 24. g4 Kf7 25. Kh1 Bd4 26. c3 Bb6 27. Rad1 Be6 28. Ng3 Rd7 29. Be4 Rad8 30. f4 exf4 31. Rxf4 Bb3 32. Re1 Rxd3 33. Bxd3 Rxd3 34. Rb4 Rxg3 35. Kh2 Re3 36. Rxe3 Bxe3 37. Rxb7+ Kg6 38. Kg3 Bc1 39. Rc7 Bxb2 40. Rxc6 Bxa3 41. Ra6 Bb2 0-1

[Event "2025 Welsh Closed Chess Championship"]
[Site "Mercure Cardiff North Hotel, Circle Way East, Llanedeyrn, Cardiff CF23 9XF"]
[Date "2025.04.21"]
[Round "6"]
[Board "2"]
[White "Kett, Tim"]
[Black "Cave, Iwan"]
[Result "0-1"]
[WhiteElo "2089"]
[BlackElo "2056"]
[PlyCount "81"]
[GameId "2191926169502950"]
[EventDate "2025.04.18"]
[EventRounds "7"]
[EventCountry "WLS"]

1. c4 e5 2. Nc3 Bb4 3. g3 Nf6 4. Bg2 O-O 5. Nf3 Nc6 6. O-O a5 7. d3 h6 8. Nd5 d6 9. Nxb4 Nxb4 10. a3 Nc6 11. b3 Bg4 12. h3 Bxf3 13. Bxf3 Nd4 14. Bg2 c6 15. e3 Ne6 16. Bb2 Qb6 17. Rb1 Rfd8 18. Bc3 Qc7 19. f4 Nc5 20. b4 axb4 21. axb4 Na4 22. Ba1 Qe7 23. Qf3 Nb6 24. c5 Nbd7 25. cxd6 Qxd6 26. fxe5 Nxe5 27. Bxe5 Qxe5 28. d4 Qe6 29. b5 Ra3 30. bxc6 bxc6 31. Rbe1 Nd5 32. Qe4 Qd6 33. Kh2 Rb8 34. Rf5 Ra2 35. Re5 Nf6 36. Qf3 Rbb2 37. Rg1 g6 38. Qf4 Kg7 39. Qf3 Rf2 40. Qd1 Qa3 41. Rd5 0-1

[Event "2025 Welsh Closed Chess Championship"]
[Site "Mercure Cardiff North Hotel, Circle Way East, Llanedeyrn, Cardiff CF23 9XF"]
[Date "2025.04.21"]
[Round "6"]
[Board "3"]
[White "Harakis, Alexis M"]
[Black "Freeland, Alex"]
[Result "0-1"]
[WhiteElo "2224"]
[BlackElo "2018"]
[PlyCount "70"]
[GameId "2191926169507047"]
[EventDate "2025.04.18"]
[EventRounds "7"]
[EventCountry "WLS"]

1. d4 Nf6 2. c4 e6 3. Nc3 Bb4 4. e3 O-O 5. Bd3 d5 6. cxd5 exd5 7. Nge2 Nbd7 8. a3 Bd6 9. Qc2 c6 10. f3 c5 11. Nb5 Be7 12. Bd2 a6 13. Nbc3 Re8 14. O-O Nf8 15. dxc5 Bxc5 16. Nd4 Ne6 17. Nce2 Qb6 18. Rae1 Nxd4 19. Nxd4 Bxd4 20. exd4 Qxd4+ 21. Kh1 Bd7 22. Bc3 Qc5 23. Qd2 Bb5 24. Bxf6 gxf6 25. Bxb5 Qxb5 26. a4 Qxa4 27. Rd1 Rad8 28. Qh6 Qc6 29. f4 f5 30. Qh4 Rd6 31. Qg5+ Rg6 32. Qxf5 Re2 33. Rfe1 Rexg2 34. Rc1 Qb6 35. Qe5 Rxh2+ 0-1

[Event "2025 Welsh Closed Chess Championship"]
[Site "Mercure Cardiff North Hotel, Circle Way East, Llanedeyrn, Cardiff CF23 9XF"]
[Date "2025.04.21"]
[Round "6"]
[Board "4"]
[White "Blackburn, Jonathan L B"]
[Black "Jukes, Sam"]
[Result "1-0"]
[WhiteElo "2205"]
[BlackElo "1951"]
[PlyCount "61"]
[GameId "2191926169515240"]
[EventDate "2025.04.18"]
[EventRounds "7"]
[EventCountry "WLS"]

1. d4 Nf6 2. c4 e6 3. Nf3 b6 4. g3 Ba6 5. Qc2 c5 6. d5 exd5 7. cxd5 Bb7 8. Bg2 Nxd5 9. O-O Be7 10. Qe4 Bc6 11. Ne5 Nf6 12. Nxc6 Nxc6 13. Qa4 O-O 14. Nc3 Rc8 15. Rd1 b5 16. Nxb5 Qb6 17. Nd6 Bxd6 18. Rxd6 Qb4 19. Qxb4 cxb4 20. Bg5 Rfe8 21. Bxf6 gxf6 22. Rxd7 a5 23. Bd5 Nd8 24. e4 Rc2 25. b3 Ne6 26. a3 bxa3 27. Rxa3 Rc5 28. b4 axb4 29. Raa7 Rxd5 30. exd5 Nc5 31. Rxf7 1-0

[Event "2025 Welsh Closed Chess Championship"]
[Site "Mercure Cardiff North Hotel, Circle Way East, Llanedeyrn, Cardiff CF23 9XF"]
[Date "2025.04.21"]
[Round "6"]
[Board "5"]
[White "Szakmany, Bence"]
[Black "Bullen, Alex"]
[Result "1/2-1/2"]
[WhiteElo "2017"]
[BlackElo "2160"]
[PlyCount "103"]
[GameId "2191926169519337"]
[EventDate "2025.04.18"]
[EventRounds "7"]
[EventCountry "WLS"]

1. e4 c6 2. d4 d5 3. Nc3 dxe4 4. Nxe4 h6 5. Be3 Bf5 6. Ng3 Bh7 7. Bd3 Bxd3 8. Qxd3 e6 9. O-O-O Nf6 10. Kb1 Nbd7 11. N1e2 Bd6 12. Ne4 Nxe4 13. Qxe4 Nf6 14. Qf3 Qc7 15. c4 c5 16. Nc3 a6 17. Rhe1 cxd4 18. Bxd4 Be7 19. Nd5 exd5 20. Bxf6 gxf6 21. Qxf6 Rh7 22. Rxd5 Rd8 23. Rxe7+ Qxe7 24. Re5 Rd7 25. Rxe7+ Rxe7 26. Qf5 f6 27. Qxf6 Rhf7 28. Qxh6 Rxf2 29. a3 Rxg2 30. Qh5+ Rf7 31. h4 Rgg7 32. Ka2 Kd8 33. Kb3 Rh7 34. Qg5+ Kc8 35. Qg8+ Kc7 36. Kb4 Rfg7 37. Qd5 Kb8 38. Ka5 Rg6 39. Qd8+ Ka7 40. c5 Rgh6 41. b4 Rh8 42. Qc7 R8h7 43. Qd8 Rh8 44. Qe7 R8h7 45. Qe3 Rh5 46. b5 Rh8 47. a4 Rb8 48. Qe7 Rxc5 49. Kb4 Rcc8 50. bxa6 Kxa6 51. Qe5 b6 52. Qb5+ 1/2-1/2

[Event "2025 Welsh Closed Chess Championship"]
[Site "Mercure Cardiff North Hotel, Circle Way East, Llanedeyrn, Cardiff CF23 9XF"]
[Date "2025.04.21"]
[Round "6"]
[Board "6"]
[White "Spice, Alan"]
[Black "Fathallah, Joe"]
[Result "0-1"]
[WhiteElo "1999"]
[BlackElo "1979"]
[PlyCount "94"]
[GameId "2191926169527530"]
[EventDate "2025.04.18"]
[EventRounds "7"]
[EventCountry "WLS"]

1. Nc3 e6 2. d4 d5 3. e4 Nf6 4. e5 Nfd7 5. f4 c5 6. Nf3 Nc6 7. Be3 Be7 8. Qd2 O-O 9. dxc5 Bxc5 10. Bxc5 Nxc5 11. Bd3 f5 12. Ne2 Qb6 13. O-O-O Ne4 14. Bxe4 fxe4 15. Nfd4 Bd7 16. g3 Rac8 17. Kb1 Na5 18. Nb3 Nc4 19. Qd4 Qc7 20. Rc1 a5 21. Rhd1 a4 22. Nd2 Bb5 23. Nc3 Qc6 24. Nxc4 Bxc4 25. h4 a3 26. Re1 axb2 27. Kxb2 b5 28. a3 b4 29. axb4 Rb8 30. Rb1 Rxb4+ 31. Kc1 Rxb1+ 32. Kxb1 Rc8 33. Kb2 Qb7+ 34. Kc1 Ba6 35. Qa4 h6 36. h5 Rc6 37. Kd2 Qc8 38. Ne2 Bxe2 39. Rxe2 Rc4 40. Qb3 Qc6 41. Re3 d4 42. Rxe4 Rc3 43. Qb8+ Kh7 44. Rxd4 Rxc2+ 45. Ke3 Qg2 46. Qb5 Qxg3+ 47. Ke4 Qf2 0-1

[Event "2025 Welsh Closed Chess Championship"]
[Site "Mercure Cardiff North Hotel, Circle Way East, Llanedeyrn, Cardiff CF23 9XF"]
[Date "2025.04.21"]
[Round "6"]
[Board "7"]
[White "Kong, Emma Zihan"]
[Black "Young, Alan"]
[Result "1/2-1/2"]
[WhiteElo "1818"]
[BlackElo "1991"]
[PlyCount "48"]
[GameId "2191926169535723"]
[EventDate "2025.04.18"]
[EventRounds "7"]
[EventCountry "WLS"]

1. d4 d5 2. c4 dxc4 3. e4 e5 4. d5 Nf6 5. Nc3 a6 6. Bxc4 Bd6 7. a4 Nbd7 8. Nge2 Nf8 9. h3 Ng6 10. Be3 O-O 11. O-O Nh5 12. Qc1 Nhf4 13. Bxf4 exf4 14. Nd4 Nh4 15. Kh1 Qf6 16. Qd1 Qh6 17. Be2 Nxg2 18. Bg4 f3 19. Qxf3 Nh4 20. Qe2 Qf4 21. f3 Bxg4 22. fxg4 Qg3 23. Rad1 Qxh3+ 24. Kg1 Qg3+ 1/2-1/2